00317nam a22000977a 4500008004100000041000800041080001000049100000600059101001300065245014100078181126b xxu||||| |||| 00| 0 eng d aeng a043.3 a0 aMTH-SHKI aNderveprimi dixhital ne mes te qytetareve dhe administrates lokale- rast studimi qendra per sherbime te qytetareve ne FerizajcJakupi, L